| 000 | 00537nam a22001937a 4500 | ||
|---|---|---|---|
| 003 | KOHA_MİRAKIL | ||
| 005 | 20251119141453.0 | ||
| 008 | 251119b tu ||||| |||| 00| 0 tur d | ||
| 020 | _a9789750520907 | ||
| 040 |
_aTR-AnABB _btur _cTR-AnABB |
||
| 041 | _atur | ||
| 082 |
_a813.42 _bPIR 2025 |
||
| 100 | 1 | _aPirselimoğlu, Tayfun, | |
| 245 | 1 | 0 |
_aBerber / _cTayfun Pirselimoğlu |
| 260 |
_aİstanbul : _bİletişim Yayınları, _c2025 |
||
| 300 |
_a252 sayfa ; _c20 cm |
||
| 650 | 0 | 4 | _aTürk edebiyatı, roman |
| 942 |
_2ddc _cBK |
||
| 999 |
_c9536 _d9536 |
||
| 900 | _bGizem YORULMAZ | ||